000 00459pab a2200169 454500
008 180718b2006 xxu||||| |||| 00| 0 eng d
100 _aRout, Sarit Kumar
245 _aSub-national financing of health and education: an analysis of budget allocations
260 _c2006
300 _ap.275-94.
362 _aAug
650 _aEducation
650 _aHealth services
700 _aVidyasagar, P.S.S.
773 _aAsian Economic Review
909 _a71687
999 _c71687
_d71687